The Soviet Union in Arctic waters : security implications for the northern flank of NATO /

Bibliographic Details
Main Author: Østreng, Willy, 1941-
Format: Book
Language:English
Published: Honolulu : Law and the Sea Institute, William S. Richardson School of Law, University of Hawaii, [1987]
Series:Occasional paper (Law of the Sea Institute) ; no. 36.
Subjects:

MARC

Tag First Indicator Second Indicator Subfields
LEADER 00000cam a2200000 a 4500
001 in00000014741
005 20151007052857.0
008 870514s1987 hiuab b 00010 eng
010 |a  87002697  
020 |a 0911189157 
035 |a (OCoLC)15688901 
035 |9 AAA9537AM 
040 |a DLC  |c CWE  |d m/c  |d TXA  |d UtOrBLW 
041 1 |a eng  |h nor 
049 |a TXAM  |c [A11489824] 
050 0 0 |a UA750  |b .O8513 1987 
082 0 0 |a 359/.03/0947 
100 1 |a Østreng, Willy,  |d 1941- 
240 1 0 |a Sovjet i nordlige farvann.  |l English 
245 1 4 |a The Soviet Union in Arctic waters :  |b security implications for the northern flank of NATO /  |c by Willy Østreng ; translated by Eric Hansen from the original Norwegian text. 
264 1 |a Honolulu :  |b Law and the Sea Institute, William S. Richardson School of Law, University of Hawaii,  |c [1987] 
264 4 |c ©1987 
300 |a ix, 77 pages :  |b illustrations, maps ;  |c 23 cm. 
336 |a text  |b txt  |2 rdacontent 
337 |a unmediated  |b n  |2 rdamedia 
338 |a volume  |b nc  |2 rdacarrier 
490 1 |a Occasional paper / The Law of the Sea Institute, William S. Richardson School of Law, University of Hawaii ;  |v no. 36 
500 |a Revised translation of: Sovjet i nordlige farvann : atomstrategian, Nordflaten og norsk sikkerhet, originally published by Gylendal Norsk Forlag Oslo, 1982. 
504 |a Includes bibliographical references. 
650 0 |a National security  |z Norway. 
651 0 |a Soviet Union  |x Military policy. 
610 2 0 |a North Atlantic Treaty Organization  |x Armed Forces. 
650 0 |a Nuclear warfare. 
610 1 0 |a Soviet Union.  |b Voenno-Morskoĭ Flot. 
651 0 |a Norwegian Sea  |x Strategic aspects. 
830 0 |a Occasional paper (Law of the Sea Institute) ;  |v no. 36. 
999 |a MARS 
999 f f |s da2862f9-fa16-3080-beb3-27df6ae20d65  |i 78b3fb2c-9ecf-3605-a4a8-83ff79d85fbe  |t 0 
952 f f |p ric  |a Texas A&M University  |b Rellis Campus  |c Joint Library Facility  |d Remote Storage  |t 0  |e UA750 .O8513 1987  |h Library of Congress classification  |i unmediated -- volume  |m A14811489824 
998 f f |a UA750 .O8513 1987  |t 0  |l Remote Storage